<?xml version="1.0" encoding="UTF-8"?>
<collection xmlns="http://www.loc.gov/MARC21/slim">
 <record>
  <leader>06175nam a2200661 a 4500</leader>
  <controlfield tag="001">kal5452</controlfield>
  <controlfield tag="003">Gr-AtHEAL</controlfield>
  <controlfield tag="005">20160511075818.0</controlfield>
  <controlfield tag="006">m        d        </controlfield>
  <controlfield tag="008">160413s2015    gr      s           gre|c</controlfield>
  <datafield tag="020" ind1=" " ind2=" ">
   <subfield code="a">9789606034091</subfield>
  </datafield>
  <datafield tag="040" ind1=" " ind2=" ">
   <subfield code="a">GR-AtHEAL</subfield>
   <subfield code="b">gre</subfield>
   <subfield code="c">GR-AtHEAL</subfield>
  </datafield>
  <datafield tag="082" ind1="0" ind2="4">
   <subfield code="a">005</subfield>
   <subfield code="2">23</subfield>
  </datafield>
  <datafield tag="100" ind1="1" ind2=" ">
   <subfield code="a">Ζάχος, Ευστάθιος.</subfield>
   <subfield code="8">2047</subfield>
  </datafield>
  <datafield tag="245" ind1="1" ind2="0">
   <subfield code="a">Θεμελίωση επιστήμης υπολογιστών</subfield>
   <subfield code="h">[Ηλεκτρονικός πόρος] </subfield>
   <subfield code="b">Θεωρία και εφαρμογές</subfield>
   <subfield code="c">Ζάχος, Ευστάθιος ; Παγουρτζής, Αριστείδης ; Σούλιου, Θεοδώρα ; Κριτικός αναγνώστης,Ζησιμόπουλος, Βασίλειος.</subfield>
  </datafield>
  <datafield tag="260" ind1=" " ind2=" ">
   <subfield code="a">Αθήνα :</subfield>
   <subfield code="b">Σύνδεσμος Ελληνικών Ακαδημαϊκών Βιβλιοθηκών,</subfield>
   <subfield code="c">c2015.</subfield>
  </datafield>
  <datafield tag="490" ind1=" " ind2=" ">
   <subfield code="a">Ακαδημαϊκά Ηλεκτρονικά Συγγράμματα και Βοηθήματα Κάλλιπος</subfield>
   <subfield code="8">40</subfield>
  </datafield>
  <datafield tag="520" ind1=" " ind2=" ">
   <subfield code="a">Το βιβλίο αποσκοπεί στο να καλύψει την ύλη ενός (ή περισσοτέρων) μαθήματος εισαγωγής στην επιστήμη των υπολογιστών, δεύτερου ή τρίτου έτους σπουδών. Αποτελείται από δύο μέρη:-Το πρώτο μέρος περιλαμβάνει μια εκτενή εισαγωγή στα πιο σημαντικά θέματα της Θεωρητικής Επιστήμης των Υπολογιστών, όπως αλγόριθμους, υπολογισιμότητα, πολυπλοκότητα, μοντέλα υπολογισμού, θεωρία γραφημάτων, παράλληλους και κατανεμημένους υπολογισμούς. - Το δεύτερο μέρος αποτελείται από επί μέρους ενότητες που εστιάζουν σε θέματα Εφαρμοσμένης Επιστήμης των Υπολογιστών, όπως βάσεις δεδομένων, γραφική με υπολογιστές, κρυπτογραφία και ασφάλεια, υπολογιστική βιολογία, αλγοριθμική θεωρία παιγνίων, αναπαράσταση και χειρισμό γνώσης, διαδικτυακές τεχνολογίες. Θα δοθεί ιδιαίτερη έμφαση στην αυστηρή μαθηματική θεμελίωση των εννοιών και των τεχνικών που παρουσιάζονται.</subfield>
  </datafield>
  <datafield tag="650" ind1=" " ind2="0">
   <subfield code="a">Computer science</subfield>
   <subfield code="8">2726</subfield>
  </datafield>
  <datafield tag="653" ind1=" " ind2=" ">
   <subfield code="a">Λογική στην πληροφορική</subfield>
  </datafield>
  <datafield tag="653" ind1=" " ind2=" ">
   <subfield code="a">Λογική</subfield>
  </datafield>
  <datafield tag="653" ind1=" " ind2=" ">
   <subfield code="a">Λογική και κυκλώματα</subfield>
  </datafield>
  <datafield tag="653" ind1=" " ind2=" ">
   <subfield code="a">Αναπαράσταση γνώσης και συλλογιστική</subfield>
  </datafield>
  <datafield tag="653" ind1=" " ind2=" ">
   <subfield code="a">Κατανεμημένοι αλγόριθμοι</subfield>
  </datafield>
  <datafield tag="653" ind1=" " ind2=" ">
   <subfield code="a">Παράλληλοι αλγόριθμοι</subfield>
  </datafield>
  <datafield tag="653" ind1=" " ind2=" ">
   <subfield code="a">Γραμματικές</subfield>
  </datafield>
  <datafield tag="653" ind1=" " ind2=" ">
   <subfield code="a">Τυπικές γλώσσες</subfield>
  </datafield>
  <datafield tag="653" ind1=" " ind2=" ">
   <subfield code="a">Θεωρία γράφων</subfield>
  </datafield>
  <datafield tag="653" ind1=" " ind2=" ">
   <subfield code="a">Αυτόματα</subfield>
  </datafield>
  <datafield tag="653" ind1=" " ind2=" ">
   <subfield code="a">Δομές δεδομένων</subfield>
  </datafield>
  <datafield tag="653" ind1=" " ind2=" ">
   <subfield code="a">Υπολογιστική πολυπλοκότητα</subfield>
  </datafield>
  <datafield tag="653" ind1=" " ind2=" ">
   <subfield code="a">Υπολογισιμότητα</subfield>
  </datafield>
  <datafield tag="653" ind1=" " ind2=" ">
   <subfield code="a">Αλγόριθμοι συμβολοσειρών</subfield>
  </datafield>
  <datafield tag="653" ind1=" " ind2=" ">
   <subfield code="a">Αλγόριθμοι γραφημάτων</subfield>
  </datafield>
  <datafield tag="653" ind1=" " ind2=" ">
   <subfield code="a">Αλγοριθμική σκέψη</subfield>
  </datafield>
  <datafield tag="653" ind1=" " ind2=" ">
   <subfield code="a">Αλγόριθμοι ταξινόμησης</subfield>
  </datafield>
  <datafield tag="653" ind1=" " ind2=" ">
   <subfield code="a">Αλγόριθμοι αναζήτησης</subfield>
  </datafield>
  <datafield tag="653" ind1=" " ind2=" ">
   <subfield code="a">Αλγόριθμοι</subfield>
  </datafield>
  <datafield tag="653" ind1=" " ind2=" ">
   <subfield code="a">Επιστήμη υπολογιστών/Πληροφορική</subfield>
   <subfield code="a">Ευφυή συστήματα</subfield>
   <subfield code="a">Βασική αναπαράσταση γνώσης και συλλογιστική</subfield>
  </datafield>
  <datafield tag="653" ind1=" " ind2=" ">
   <subfield code="a">Επιστήμη υπολογιστών/Πληροφορική</subfield>
   <subfield code="a">Διαχείριση πληροφορίας</subfield>
   <subfield code="a">Εξόρυξη δεδομένων</subfield>
  </datafield>
  <datafield tag="653" ind1=" " ind2=" ">
   <subfield code="a">Επιστήμη υπολογιστών/Πληροφορική</subfield>
   <subfield code="a">Διαχείριση πληροφορίας</subfield>
   <subfield code="a">Συστήματα βάσεων δεδομένων</subfield>
  </datafield>
  <datafield tag="653" ind1=" " ind2=" ">
   <subfield code="a">Επιστήμη υπολογιστών/Πληροφορική</subfield>
   <subfield code="a">Διασφάλιση της ασφάλειας των πληροφοριών</subfield>
   <subfield code="a">Κρυπτογραφία</subfield>
  </datafield>
  <datafield tag="653" ind1=" " ind2=" ">
   <subfield code="a">Επιστήμη υπολογιστών/Πληροφορική</subfield>
   <subfield code="a">Αρχιτεκτονική και οργάνωση</subfield>
   <subfield code="a">Ψηφιακή λογική και ψηφιακά συστήματα</subfield>
  </datafield>
  <datafield tag="653" ind1=" " ind2=" ">
   <subfield code="a">Επιστήμη υπολογιστών/Πληροφορική</subfield>
   <subfield code="a">Αλγόριθμοι και πολυπλοκότητα</subfield>
   <subfield code="a">Βασικές δομές δεδομένων και αλγόριθμοι</subfield>
  </datafield>
  <datafield tag="653" ind1=" " ind2=" ">
   <subfield code="a">Επιστήμη υπολογιστών/Πληροφορική</subfield>
   <subfield code="a">Αρχές ανάπτυξης λογισμικού</subfield>
  </datafield>
  <datafield tag="653" ind1=" " ind2=" ">
   <subfield code="a">Επιστήμη υπολογιστών/Πληροφορική</subfield>
   <subfield code="a">Γλώσσες προγραμματισμού</subfield>
  </datafield>
  <datafield tag="653" ind1=" " ind2=" ">
   <subfield code="a">Επιστήμη υπολογιστών/Πληροφορική</subfield>
   <subfield code="a">Γραφικά και οπτικοποίηση</subfield>
  </datafield>
  <datafield tag="653" ind1=" " ind2=" ">
   <subfield code="a">Επιστήμη υπολογιστών/Πληροφορική</subfield>
   <subfield code="a">Διακριτές δομές</subfield>
  </datafield>
  <datafield tag="653" ind1=" " ind2=" ">
   <subfield code="a">Επιστήμη υπολογιστών/Πληροφορική</subfield>
   <subfield code="a">Υπολογιστική επιστήμη</subfield>
  </datafield>
  <datafield tag="653" ind1=" " ind2=" ">
   <subfield code="a">Μαθηματικά</subfield>
   <subfield code="a">Αριθμητική ανάλυση</subfield>
   <subfield code="a">Αριθμητική προσέγγιση και υπολογιστική γεωμετρία</subfield>
  </datafield>
  <datafield tag="700" ind1="1" ind2=" ">
   <subfield code="a">Σούλιου, Θεοδώρα</subfield>
   <subfield code="e">Συγγραφέας</subfield>
   <subfield code="8">2048</subfield>
  </datafield>
  <datafield tag="700" ind1="1" ind2=" ">
   <subfield code="a">Παγουρτζής, Αριστείδης</subfield>
   <subfield code="e">Συγγραφέας</subfield>
   <subfield code="8">2049</subfield>
  </datafield>
  <datafield tag="700" ind1="1" ind2=" ">
   <subfield code="a">Ζησιμόπουλος, Βασίλειος</subfield>
   <subfield code="e">Κριτικός αναγνώστης</subfield>
   <subfield code="8">2050</subfield>
  </datafield>
  <datafield tag="856" ind1="4" ind2="0">
   <subfield code="u">http://hdl.handle.net/11419/5452</subfield>
   <subfield code="z">Πλήρες Κείμενο - Full text</subfield>
  </datafield>
  <datafield tag="907" ind1=" " ind2=" ">
   <subfield code="a">.b25678401</subfield>
   <subfield code="b">12-06-18</subfield>
   <subfield code="c">29-07-16</subfield>
  </datafield>
  <datafield tag="949" ind1=" " ind2=" ">
   <subfield code="0">0</subfield>
   <subfield code="1">0</subfield>
   <subfield code="2">ddc</subfield>
   <subfield code="4">0</subfield>
   <subfield code="6">005_000000000000000_ΖΑΧ</subfield>
   <subfield code="7">0</subfield>
   <subfield code="8">KALL</subfield>
   <subfield code="8">599</subfield>
   <subfield code="d">2016-04-13</subfield>
   <subfield code="r">2016-04-13</subfield>
   <subfield code="w">2016-04-13</subfield>
   <subfield code="z">005 ΖΑΧ</subfield>
   <subfield code="o">SEAB KALLIPOS</subfield>
  </datafield>
  <datafield tag="998" ind1=" " ind2=" ">
   <subfield code="a">80</subfield>
   <subfield code="a">01</subfield>
   <subfield code="a">02</subfield>
   <subfield code="a">03</subfield>
   <subfield code="a">04</subfield>
   <subfield code="a">05</subfield>
   <subfield code="a">06</subfield>
   <subfield code="a">07</subfield>
   <subfield code="a">08</subfield>
   <subfield code="a">09</subfield>
   <subfield code="a">10</subfield>
   <subfield code="a">11</subfield>
   <subfield code="a">12</subfield>
   <subfield code="a">13</subfield>
   <subfield code="a">14</subfield>
   <subfield code="a">15</subfield>
   <subfield code="a">16</subfield>
   <subfield code="a">17</subfield>
   <subfield code="a">18</subfield>
   <subfield code="a">19</subfield>
   <subfield code="a">20</subfield>
   <subfield code="a">21</subfield>
   <subfield code="a">22</subfield>
   <subfield code="a">23</subfield>
   <subfield code="a">24</subfield>
   <subfield code="a">25</subfield>
   <subfield code="a">26</subfield>
   <subfield code="b">11-05-17</subfield>
   <subfield code="c">m</subfield>
   <subfield code="d">z  </subfield>
   <subfield code="e">-</subfield>
   <subfield code="f">gre</subfield>
   <subfield code="g">gr </subfield>
   <subfield code="h">0</subfield>
  </datafield>
  <datafield tag="942" ind1=" " ind2=" ">
   <subfield code="2">ddc</subfield>
   <subfield code="c">KALLIPOS</subfield>
  </datafield>
 </record>
</collection>
